Alkuaineita - Äkkikuolema - Statistics

Yleistilastot
  • Tätä visaa on pelattu 3 247 kertaa
    2 995 viimeisimmän päivityksen jälkeen
  • Keskiarvotulos 10 / 23
Answers on the Grid
Answers color-coded by a green-red scale on the quiz's grid according to % correct below.
Ammoniakki
Antimoni
Argon
Arsiini
Boraani
Bromi
Butaani
Elohopea
Fenoli
Halidi
Happo
Heksoli
Hiili
Jodi
Koboltti
Kulta
Kupari
Lantaani
Lyijy
Mangaani
Messinki
Neon
Oleum
Pii
Primiini
Pronssi
Rikki
Rubidium
Saturnium
Seleeni
Silaani
Strontium
Symariini
Telluuri
Teräs
Torium
Vanadiini
Vesi
Vismutti
Volframi
 
Vastaustilastot
Vastaus % Oikein
Argon
73%
Hiili
73%
Kulta
66%
Kupari
65%
Elohopea
64%
Jodi
64%
Lyijy
63%
Bromi
59%
Neon
57%
Pii
56%
Rikki
54%
Koboltti
38%
Mangaani
36%
Volframi
30%
Seleeni
29%
Strontium
27%
Rubidium
22%
Vanadiini
20%
Vismutti
19%
Antimoni
18%
Torium
17%
Lantaani
15%
Telluuri
14%
Ehtoja vastaavia visoja ei löytynyt
Tulosjakauma
Jokaisen tuloksen saaneiden osuus
Persentiili vastausten määrän mukaan
Tuloshistoriasi
Et ole pelannut tätä visaa sen viimeisimmän päivityksen jälkeen